Taylor Swift Imagery in Pictures - Statistics

General Stats
  • This quiz has been taken 1,141 times
  • The average score is 11 of 15
Answer Stats
Question Answer % Correct
I'm a _______ lying here cause I remember it all too well.
91%
Don't look now. I'm shining like ______ over your sad empty town.
90%
I had the time of my life _________ with you.
86%
The way you move is like a full-on rainstorm, and I'm a ________.
86%
I ask the ______ if it'll be alright, they say, "I don't know."
81%
I should've kept every ________ cause every scrap of you would be taken from me.
81%
That's when you came in wearing a ________ and said "ok, let's talk."
80%
There's glitter on the floor after the party, _________ down in the lobby.
78%
We _________ in the bathroom. Honey, life is just a classroom.
78%
I bet you think about me in your house with your organic shoes and your ________.
71%
You walk me to car and you know I wanna ask you to ________.
66%
Took our ______, put them in a drawer.
60%
So I'll go ________ wearing your clothes. All that I know is I don't know how to be something you'd miss.
58%
And the _______ turned to dust that covered my whole room.
48%
It's like your eyes are _____. It's like your body is gold.
45%
No matching quizzes found
Score Distribution
Percent of People with Each Score
Percentile by Number Answered
Your Score History
You have not taken this quiz